THE HISTORY OF ARCHITECTURE ICONIC BUILDINGS THROUGHOUT THE AGES (Record no. 859111)

MARC details
000 -LEADER
fixed length control field 00345nam a2200121Ia 4500
008 - FIXED-LENGTH DATA ELEMENTS--GENERAL INFORMATION
fixed length control field 230822s2014 xx 000 0 und d
020 ## - INTERNATIONAL STANDARD BOOK NUMBER
International Standard Book Number 9790000000000
041 ## - LANGUAGE CODE
Language code of text/sound track or separate title eng
100 ## - MAIN ENTRY--PERSONAL NAME
Personal name AALTONEN G.
245 ## - TITLE STATEMENT
Title THE HISTORY OF ARCHITECTURE ICONIC BUILDINGS THROUGHOUT THE AGES
260 ## - PUBLICATION, DISTRIBUTION, ETC.
Name of publisher, distributor, etc. ARCTURUS PUBLICATIONS LTD, LONDON
Date of publication, distribution, etc. 2014
300 ## - PHYSICAL DESCRIPTION
Extent 132

No items available.